| 000 | 01136cam a2200325 i 4500 | ||
|---|---|---|---|
| 001 | 200463505 | ||
| 003 | TR-AnTOB | ||
| 005 | 20241226162544.0 | ||
| 007 | ta | ||
| 008 | 241217s2021 tu 000 0 tur d | ||
| 020 | _a9789751962942 | ||
| 040 |
_aTVK _beng _erda _cTVK _dTR-AnTOB |
||
| 041 | 0 | _atur | |
| 050 | 1 | 4 |
_aBP166.3 _b.K373 2021 |
| 090 |
_aBP166.3 _b.K373 2021 |
||
| 100 | 1 |
_aKaradaş, Cağfer, _d1964- _9103834 _eauthor |
|
| 245 | 1 | 0 |
_aKadere iman / _cProf. Dr. Cağfer Karadaş. |
| 250 | _a5. Baskı. | ||
| 264 | 1 |
_aAnkara : _bDiyanet İşleri Başkanlığı Yayınları, _c2021. |
|
| 300 |
_a72 pages ; _c21 cm |
||
| 336 |
_atext _btxt _2rdacontent |
||
| 337 |
_aunmediated _bn _2rdamedia |
||
| 338 |
_avolume _bnc _2rdacarrier |
||
| 490 | 0 |
_aDiyanet İşleri Başkanlığı Yayınları ; _v1072 _aİlmi Eserler ; _v176 _aİnanç Kitapları Serisi ; _v7 |
|
| 504 | _aBIB | ||
| 650 | 7 |
_aKader ve Kadercilik _xDini yönleri _xİslam _2etuturkob _9147671 |
|
| 830 |
_aDiyanet İşleri Başkanlığı Yayınları ; _v1072 _pİlmi Eserler ; _v176 _pİnanç Kitapları Serisi ; _v07 |
||
| 942 |
_2lcc _cBK |
||
| 999 |
_c200463505 _d81717 |
||